Statistics for Warrior Cats Characters in Alphabetical Order H-S

Click here to take the quiz!

General Stats

  • This quiz has been taken 13 times
  • The average score is 123 of 500

Answer Stats

Warrior Cats% Correct
Husker
83%
Shimmerpelt
83%
Ivypool
58%
Night
58%
Night of No Stars
58%
Rain
58%
Rain That Passes Quickly
58%
Rain That Rattles on Stones
58%
Rainwhisker
58%
Ice
50%
Jay
50%
Jayfeather
50%
Leaf
50%
Leafpool
50%
Lionblaze
50%
Longtail
50%
Mothwing
50%
Mouse
50%
Mousefur
50%
Nightstar
50%
Nightwing
50%
Rainfur
50%
Riverstar
50%
Runningnose
50%
Sandstorm
50%
Icecloud
42%
Icewing
42%
Ivytail
42%
Jack
42%
Jake
42%
Juniperclaw
42%
Ken
42%
Kestrelflight
42%
Kestrelwing
42%
Leafstar
42%
Leafstar's Mother
42%
Littlecloud
42%
Mapleshade
42%
Millie
42%
Mist
42%
Mist Where Sunlight Shimmers
42%
Misty
42%
Mistystar
42%
Moon
42%
Moonflower
42%
Moon Shining on Water
42%
Mothpelt
42%
Mousewhisker
42%
Mud
42%
Mudclaw
42%
Needletail
42%
Nightcloud
42%
Nightfur
42%
Patch
42%
Patch Pelt
42%
Patchpelt
42%
Puddleshine
42%
Purdy
42%
Raggedstar
42%
Raven
42%
Ravenpaw
42%
Reedwhisker
42%
Rowanclaw
42%
Runningwind
42%
Russetfur
42%
Sandynose
42%
Shadowsight
42%
Hutch
33%
Icewhisker
33%
Icicle
33%
Ivystar
33%
Jagged Peak
33%
Jagged Rock Where Heron Sits
33%
Jay's Wing
33%
Jessy
33%
Kinkfur
33%
Kinktail
33%
Lark That Sings at Dawn
33%
Leafshine
33%
Leaftail
33%
Leopardstar
33%
Lionheart
33%
Lionstar
33%
Maplestar
33%
Maplewhisker
33%
Micah
33%
Moonlight
33%
Moss
33%
Mosspelt
33%
Moss that Grows by River
33%
Mousewing
33%
Mudfur
33%
Nettle
33%
Newtspeck
33%
Oakfur
33%
Oakstar
33%
One Eye
33%
One-eye
33%
Owlstar
33%
Patchfoot
33%
Petunia
33%
Pine
33%
Pinefur
33%
Pinestar
33%
Pine That Clings to Rock
33%
Poppydawn
33%
Poppyfrost
33%
Princess
33%
Pumpkin
33%
Rainflower
33%
Red
33%
Redtail
33%
Reena
33%
Rippletail
33%
Rock
33%
Rock Beneath Still Water
33%
Rose
33%
Rosetail
33%
Rowanstar
33%
Sasha
33%
Scourge
33%
Shadowstar
33%
Hussar
25%
Jacques
25%
Jagged Lightning
25%
Jaggedtooth
25%
Jasper
25%
Jayclaw
25%
Jay Frost
25%
Jean
25%
Jessamy
25%
Jester
25%
Jet
25%
Jigsaw
25%
Jingo
25%
Jumper
25%
Jumpfoot
25%
Juniper Branch
25%
Juniperkit
25%
Kitescratch
25%
Lakeheart
25%
Lakeshine
25%
Lakestorm
25%
Lapping Wave
25%
Larchkit
25%
Larksong
25%
Larksplash
25%
Larkwing
25%
Lavenderkit
25%
Leafshade
25%
Leafstorm
25%
Leopardfoot
25%
Lichen
25%
Lichenfur
25%
Lightleap
25%
Lightningpaw
25%
Lightningpelt
25%
Lightning Stripe
25%
Lightning Tail
25%
Lily
25%
Lilyflower
25%
Lilyfur
25%
Lilyheart
25%
Lilystar
25%
Lilystem
25%
Lilywhisker
25%
Lioneye
25%
Lion's Roar
25%
Littlebird
25%
Littlekit
25%
Littlestep
25%
Livy
25%
Lizardfang
25%
Lizardstripe
25%
Lizardtail
25%
Logfur
25%
Loki
25%
Loudbelly
25%
Lowbranch
25%
Lowbranch's Mother
25%
Lulu
25%
Luna
25%
Lynxkit
25%
Macgyver
25%
Madric
25%
Mae
25%
Maggottail
25%
Magpie
25%
Mallowfur
25%
Mallownose
25%
Mallowtail
25%
Marigold
25%
Marigoldkit
25%
Nightheart
25%
Onestar
25%
Raven Pelt
25%
Ripplestar
25%
Rocky
25%
Jackdaw's Cry
17%
Marmalade
17%
Marshcloud
17%
Marshkit
17%
Marshpaw
17%
Marshscar
17%
Max
17%
Meadowpelt
17%
Meadowslip
17%
Melting Ice
17%
Merry
17%
Midnight
17%
Milkfur
17%
Milkweed
17%
Milo
17%
Minnowkit
17%
Minnowtail
17%
Mintfur
17%
Mintkit
17%
Mintpaw
17%
Minty
17%
Misha
17%
Mistcloud
17%
Mistfeather
17%
Mistkit
17%
Mistlekit
17%
Mistmouse
17%
Mistpelt
17%
Misty Water
17%
Mittens
17%
Mitzi
17%
Mole
17%
Molepaw
17%
Molepelt
17%
Molewhisker
17%
Monkeystar
17%
Moon Shadow
17%
Morningcloud
17%
Morning Fire
17%
Morningflower
17%
Morningkit
17%
Morningmist
17%
Morningstar
17%
Morning Star
17%
Morning Whisker
17%
Mossfire
17%
Mossheart
17%
Mosskit
17%
Mossleaf
17%
Mosspaw
17%
Moss Tail
17%
Mossyfoot
17%
Moth Flight
17%
Mothwhisker
17%
Mottlepaw
17%
Mouse Ear
17%
Mousefang
17%
Mouthclaw
17%
Mud Paws
17%
Mudpuddle
17%
Mudthorn
17%
Mumblefoot
17%
Myler
17%
Myrtlepaw
17%
Nami
17%
Nectarsong
17%
Needleclaw
17%
Nettlebreeze
17%
Nettleclaw
17%
Nettlepad
17%
Nettlepaw
17%
Nettlesplash
17%
Nettlespot
17%
Nightkit
17%
Nightmask
17%
Nightsky
17%
Nightwhisper
17%
Nutmeg
17%
Nutwhisker
17%
Oakheart
17%
Oakleaf
17%
Oakstep
17%
Oatclaw
17%
Oatpaw
17%
Oatspeckle
17%
Oatwhisker
17%
Oddfoot
17%
O'Hara
17%
Olive
17%
Olivenose
17%
Oliver
17%
Onion
17%
Oscar
17%
Otterheart
17%
Ottersplash
17%
Owlclaw
17%
Owl Eyes
17%
Owl Feather
17%
Owlfur
17%
Owlnose
17%
Owl Song
17%
Owlwhisker
17%
Pad
17%
Palebird
17%
Palefoot
17%
Palesky
17%
Pancakes
17%
Parsleyseed
17%
Parsnip
17%
Pasha
17%
Patchkit
17%
Peanut
17%
Pearnose
17%
Pebblefoot
17%
Pebblefur
17%
Pebble Heart
17%
Pebbleshine
17%
Pebble That Rolls Down Mountain
17%
Pepper
17%
Perchkit
17%
Perchpaw
17%
Perchwing
17%
Percy
17%
Petal
17%
Petal and Fox's Mother
17%
Petaldust
17%
Petalfall
17%
Petalfur
17%
Petalkit
17%
Petalnose
17%
Pickle
17%
Pigeonfoot
17%
Pikepaw
17%
Piketooth
17%
Pineclaw
17%
Pine Needle
17%
Pinenose
17%
Pink Eyes
17%
Pip
17%
Piper
17%
Pipsqueak
17%
Pixie
17%
Plumclaw
17%
Plumstone
17%
Plumwillow
17%
Pod
17%
Podlight
17%
Polly
17%
Poolcloud
17%
Poppycloud
17%
Pounce
17%
Pouncestep
17%
Pouncetail
17%
Prickleface
17%
Pricklekit
17%
Pricklenose
17%
Primrosepaw
17%
Quailfeather
17%
Quailheart
17%
Quailkit
17%
Quickpaw
17%
Quick Water
17%
Quietkit
17%
Quiet Rain
17%
Quince
17%
Rabbitfur
17%
Rabbitkit
17%
Rabbitleap
17%
Rabbitstar
17%
Rabbittail
17%
Rage
17%
Raincloud
17%
Raindrop
17%
Rainfall
17%
Rainleap
17%
Rainsplash
17%
Rainstorm
17%
Rainswept Flower
17%
Rascal
17%
Ratscar
17%
Ravenwing
17%
Redclaw
17%
Red Claw
17%
Redscar
17%
Redstar
17%
Redthistle
17%
Redwillow
17%
Reedclaw
17%
Reedfeather
17%
Reedshine
17%
Reedstar
17%
Reed Tail
17%
Reedtail
17%
Riga
17%
Rileypool
17%
Rippleclaw
17%
Rising Moon
17%
Roach
17%
Robinstar
17%
Robinwing
17%
Rockfall
17%
Rockshade
17%
Rooktail
17%
Root
17%
Rootspring
17%
Rosepetal
17%
Rowanberry
17%
Rowanfur
17%
Rubblekit
17%
Rubblepaw
17%
Ruby
17%
Runningbrook
17%
Running Fox
17%
Running Horse
17%
Runningstorm
17%
Rushpaw
17%
Rushtail
17%
Rushtooth
17%
Ryestalk
17%
Ryewhisker
17%
Sagenose
17%
Sagewhisker
17%
Samwise
17%
Sandgorse
17%
Scarlet
17%
Scorchfur
17%
Scorchwind
17%
Scowl
17%
Scrap
17%
Scraps
17%
Scree
17%
Scree Beneath Winter Sky
17%
Screech of Angry Owl
17%
Sedgecreek
17%
Sedgestar
17%
Sedgewhisker
17%
Seedpaw
17%
Seedpelt
17%
Seville
17%
Shaded Moss
17%
Shade Pelt
17%
Shadepelt
17%
Shadestar
17%
Shannon
17%
Shanty
17%
Sharpclaw
17%
Sharp Hail
17%
Sharptooth
17%
Shattered Ice
17%
Sheeptail
17%
Sheer Path Beside Waterfall
17%
Shell Claw
17%
Shellfur
17%
Shellheart
17%
Little Mew
8%
Medgepelt
8%
Pigeonpaw
8%

Score Distribution

Percentile by Number Answered

Percent of People with Each Score

Your Score History

You have not taken this quiz